Score 0/18 Timer 03:00
1 Play Today
Title Word % Correct
A Horse with No ____Name
92.8%
____ HorsesWild
86%
Why Do Girls ____ Horses?Love
84.5%
The Horse Nobody Could ____Ride
82.4%
Don’t Change Horses (In the ______ of a Stream)Middle
80.1%
They _____ Horses Don’t They?Shoot
71.5%
(Get Off Your) ____ Horse LadyHigh
69%
The ____ HorsemenFour
61.7%
_____ Ride Horses TooGirls
59.9%
Title Word % Correct
One Horse ____Town
57.4%
_____ HorseWhite
49.6%
____ HorseDark
46.1%
Black Horse and the ______ TreeCherry
45%
_____ Gonna Ride Your Wild HorsesWho's
43.8%
____ for My HorsesBeer
40.4%
Horse to the _____Water
30.2%
_____ HorsesCrazy
28.2%
All the ______ HorsesKing's
26.7%

Today's Daily Dose

Missing Word
I Hardly Know Her!

Word Ladder
Sentence Ending

Quick Pick
Female Firsts

Get the Picture
Triathlon Sports

Remove Ads.
Support Sporcle.
Get the best of Sporcle when you Go Orange. This ad-free experience offers more features, more stats, and more fun while also helping to support Sporcle. Thank you for becoming a member.

You're not logged in!

Compare scores with friends on all Sporcle quizzes.
OR
Log In

Show Comments

Extras

Top Quizzes Today


Score Distribution

Your Account Isn't Verified!

In order to create a playlist on Sporcle, you need to verify the email address you used during registration. Go to your Sporcle Settings to finish the process.

Report this User

Report this user for behavior that violates our Community Guidelines.

Details: